| 000 | 00491nam a2200133 4500 | ||
|---|---|---|---|
| 999 |
_c11377 _d11377 |
||
| 008 | 181117b ||||| |||| 00| 0 eng d | ||
| 082 | _aDPer 050 T48 Apr-June 2016 v. 187, n. 12-24. | ||
| 100 |
_932651 _aCampbell, Charlie |
||
| 245 |
_aThe next president of the Philippines could be 'the punisher'/ _cCharlie Campbell. |
||
| 260 |
_aHong Kong; _bTime Asia, _cc2016. |
||
| 300 |
_av187 n14, pages 10-11: _billustrations; _c27cm. |
||
| 650 | 0 |
_932652 _aPresidents _zPhilippines. |
|
| 942 |
_2ddc _cPER |
||